01182nam a2200265 a 450000100060000000300080000600500170001400800410003103500190007204000320009104100080012308200250013110000300015624500810018626000890026730000620035649000890041850400610050765000390056871000470060783000980065494200130075299900170076595201340078220498BD-RjUL20211209000555.0771103s1964 ii af b s001 0 eng d a(BD-RjUL)20560 aIXAcIXAdCRLdBD-RjULbeng aeng 223a732.44bSIN 19641 aSivaramamurti, C.922219810aNoḷamba sculptures in the Madras Government Museum /cby C. Sivaramamurti. aMadras :bPrinted at India Press for the Director of Stationery and Printing,c1964. a30 p., xlv leaves of plates :bill. (some col.) ;c30 cm.1 aBulletin of the Madras Government Museum. New series, general section ;vv. 9, no. 1 aIncludes bibliographical references (p. [26]) and index. 0aSculpture, NolambazIndia.92221992 aGovernment Museum (Chennai, India)9222200 0aBulletin of the Madras Government Museum. New series, general section ;vv. 9, no. 1.9222202 2ddccRAR c20498d20498 00102ddc40718RAREaRUCLbRUCLcRared1965-09-17eZeitlingerl0oRA 732.44 SIN 1964r2018-08-07 00:00:00tC-1w2018-08-07yRAR